000 00667nam a22002177a 4500
003 UA-OsUOA
001 110071
007 ta
008 20150217b un ||||| |||| 00| 0 ukr d
100 _aШкварчук Л.О.
090 _a330(477)
_bШ66
942 _cSA
040 _aUA-OsUOA
_bukr
_cUA-OsUOA
_dUA-OsUOA
245 _aРегіональні особливості цінових коливань на споживчому ринку
300 _aС.48-55
955 _a0
041 _aukr
080 _a330(477)
773 0 _w110067
_tРегіональна економіка
_dЛьвів
_d2014
_g4
650 7 _a330 Економіка взагалі
_2UDC
999 _c396079
_d396079